Ứng dụng đa thức đối xứng vào việc giải một số lớp bài toán sơ cấp thuộc chương trình THPT

Đa thức - Đa thức đối xứng. Qui trình và ứng dụng đa thức đối xứng vào giải toán. Một số giáo án minh họa

Saved in:
Bibliographic Details
Main Author: Trương Thị Bích Thủy
Other Authors: Nguyễn Ngọc Châu TS (Hướng dẫn)
Format: Book
Language:Vietnamese
Published: Đà Nẵng Đại học Đà Nẵng 2007
Subjects:
Tags: Add Tag
No Tags, Be the first to tag this record!
Institutions: Mạng thư viện Đại học Đà Nẵng
LEADER 01521nam a2200361 4500
001 000010369
003 6571
005 20111213111207.0
008 111213s2007 viesd
041 |a vie 
072 |a Luận văn Thạc sĩ Khoa học 
082 |a 512  |b TR-T 
100 |a Trương Thị Bích Thủy 
245 |a Ứng dụng đa thức đối xứng vào việc giải một số lớp bài toán sơ cấp thuộc chương trình THPT  |c Trương Thị Bích Thủy 
260 |a Đà Nẵng  |b Đại học Đà Nẵng  |c 2007 
300 |a 71tr  |c 29cm 
500 |a Luận văn Thạc sĩ Khoa học. Chuyên ngành: Phương pháp toán sơ cấp. Mã số: 60.46.40 
520 |a Đa thức - Đa thức đối xứng. Qui trình và ứng dụng đa thức đối xứng vào giải toán. Một số giáo án minh họa 
653 |a Toán học 
653 |a Luận văn Thạc sĩ Toán sơ cấp 
653 |a Đa thức đối xứng 
653 |a Đa thức 
700 |a Nguyễn Ngọc Châu  |c TS  |e Hướng dẫn 
OWN |a LSP 
AVA |a UDN50  |b LSP  |d 512 TR-T  |e available  |t Error 5001 Not defined in file expand_doc_bib_avail.  |f 1  |g 0  |h N  |i 0  |k 1 
999 |a From the UDN01 
AVA |a UDN50  |b LSP  |d 512 TR-T  |e available  |t Error 5001 Not defined in file expand_doc_bib_avail.  |f 1  |g 0  |h N  |i 0  |k 1 
TYP |a Monograph 
TYP |a Printed language 
980 |a Mạng thư viện Đại học Đà Nẵng